[Event "Pardubice Czech op-J 29th"]
[Site "Pardubice"]
[Date "2018.07.13"]
[Round "1"]
[White "Skliarov, Viktor"]
[Black "Vorel, Bohuslav"]
[Result "1-0"]
[WhiteElo "2357"]
[BlackElo "1519"]
[PlyCount "47"]
[EventDate "2018.07.13"]
[EventType "swiss"]
[EventRounds "7"]
[EventCountry "CZE"]
[SourceTitle "EXT 2019"]
[Source "ChessBase"]
[SourceDate "2018.10.10"]
[SourceVersion "1"]
[SourceVersionDate "2018.10.10"]
[SourceQuality "1"]

1. e4 c5 2. Nf3 d6 3. d4 cxd4 4. Qxd4 Nc6 5. Bb5 Bd7 6. Bxc6 Bxc6 7. Nc3 Nf6 8. Bg5 Nd7 9. 0-0-0 Qb6 10. Qd2 g6 11. Be3 Qc7 12. Bd4 f6 13. h4 h5 14. Kb1 b6 15. Qe2 Ne5 16. Nd5 Qd7 17. Nxe5 fxe5 18. Bc3 Bg7 19. f4 Bxd5 20. exd5 Qc7 21. Qe4 Kf7 22. Rhf1 Bf6 23. fxe5 dxe5 24. Bxe5 1-0

[Event "Pardubice Czech op-D 28th"]
[Site "Pardubice"]
[Date "2017.07.24"]
[Round "4"]
[White "Gryga, Daryna"]
[Black "Vorel, Bohuslav"]
[Result "1-0"]
[WhiteElo "1445"]
[BlackElo "1583"]
[PlyCount "101"]
[EventDate "2017.07.22"]
[EventType "swiss"]
[EventRounds "9"]
[EventCountry "CZE"]
[SourceTitle "CBM 179 Extra"]
[Source "ChessBase"]
[SourceDate "2017.08.23"]
[SourceVersion "1"]
[SourceVersionDate "2017.08.23"]
[SourceQuality "1"]

1. e4 c5 2. Nf3 d6 3. d4 cxd4 4. Nxd4 Nf6 5. Nc3 g6 6. Be3 Bg7 7. f3 0-0 8. Qd2 a6 9. Be2 Bd7 10. 0-0-0 Nc6 11. g4 Rc8 12. Kb1 Ne8 13. h4 Nxd4 14. Bxd4 Nc7 15. h5 Bxd4 16. Qxd4 g5 17. e5 Ne6 18. Qd2 Bc6 19. exd6 exd6 20. Rhf1 h6 21. Bd3 Qe7 22. Be4 Rcd8 23. Rfe1 Qc7 24. Re3 Nf4 25. Ne2 d5 26. Bf5 Nxe2 27. Rxe2 Bd7 28. Re7 Qd6 29. Rxd7 Rxd7 30. Bxd7 Qxd7 31. Qxd5 Qxd5 32. Rxd5 Re8 33. Kc1 Re7 34. Kd2 Kg7 35. Kd3 f6 36. Kc3 Kf7 37. Rd4 Rc7+ 38. Rc4 Re7 39. Kb4 Rd7 40. Ka5 Ke6 41. Kb6 Kd5 42. Re4 Rf7 43. c4+ Kd6 44. Rd4+ Ke5 45. Rd5+ Ke6 46. b4 f5 47. gxf5+ Rxf5 48. Rxf5 Kxf5 49. Kxb7 Kf4 50. c5 Kxf3 51. c6 1-0

[Event "CZE-ch Seniors 50"]
[Site "Rychnov nad Kneznou"]
[Date "2015.08.23"]
[Round "9"]
[White "Humlicek, Vojtech"]
[Black "Vorel, Bohuslav"]
[Result "1-0"]
[WhiteElo "2012"]
[BlackElo "1693"]
[PlyCount "59"]
[EventDate "2015.08.15"]
[EventType "swiss"]
[EventRounds "9"]
[EventCountry "CZE"]
[SourceTitle "EXT 2016"]
[Source "ChessBase"]
[SourceDate "2015.10.08"]
[SourceVersion "1"]
[SourceVersionDate "2015.10.08"]
[SourceQuality "1"]

1. e4 c5 2. Nf3 d6 3. d4 cxd4 4. Nxd4 Nf6 5. f3 g6 6. Be3 Bg7 7. Qd2 0-0 8. Nc3 a6 9. g4 b5 10. h4 h5 11. gxh5 Nxh5 12. 0-0-0 Bd7 13. Be2 Nc6 14. Nxc6 Bxc6 15. Rdg1 Kh7 16. Nd5 Bxd5 17. Qxd5 Rc8 18. Qd2 Qc7 19. Bd3 e5 20. Kb1 Rg8 21. Rg2 Qe7 22. Be2 Qf8 23. Rd1 Rd8 24. Qa5 Nf4 25. Rh2 Nxe2 26. Rxe2 Qe7 27. Qxa6 d5 28. exd5 Qxh4 29. Rde1 Rxd5 30. Rc1 1-0

[Event "Hradec Kralove op"]
[Site "Hradec Kralove"]
[Date "2013.05.20"]
[Round "8"]
[White "Kolibik, Jan"]
[Black "Vorel, Bohuslav"]
[Result "1/2-1/2"]
[WhiteElo "1701"]
[BlackElo "1713"]
[PlyCount "87"]
[EventDate "2013.05.15"]
[EventType "swiss"]
[EventRounds "9"]
[EventCountry "CZE"]
[SourceTitle "EXT 2014"]
[Source "ChessBase"]
[SourceDate "2013.11.20"]
[SourceVersion "1"]
[SourceVersionDate "2013.11.20"]
[SourceQuality "1"]

1. c4 Nf6 2. Nc3 g6 3. Nf3 Bg7 4. g3 d6 5. Bg2 0-0 6. d3 Nc6 7. 0-0 a6 8. Rb1 Nd7 9. d4 Rb8 10. Be3 b6 11. Qd2 Bb7 12. Bh6 Nf6 13. Bxg7 Kxg7 14. Rfd1 e6 15. b4 Ne7 16. Ng5 Bxg2 17. Kxg2 h6 18. Nge4 Nxe4 19. Nxe4 d5 20. cxd5 Qxd5 21. f3 Rfd8 22. g4 f5 23. Nf2 Nc6 24. Qb2 Kh7 25. Qb3 Qxb3 26. Rxb3 Rxd4 27. Rc1 Ne5 28. Rxc7+ Rd7 29. Rbc3 Rbd8 30. h3 Rxc7 31. Rxc7+ Rd7 32. Rxd7+ Nxd7 33. f4 e5 34. fxe5 Nxe5 35. gxf5 gxf5 36. Kg3 Kg6 37. Kf4 Nc6 38. Nd3 Kf6 39. e3 Ne7 40. Kf3 Nd5 41. a4 b5 42. axb5 axb5 43. e4 fxe4+ 44. Kxe4 1/2-1/2

[Event "Hradec Kralove op"]
[Site "Hradec Kralove"]
[Date "2012.05.13"]
[Round "2"]
[White "Kosina, Vladimir"]
[Black "Vorel, Bohuslav"]
[Result "1-0"]
[WhiteElo "1830"]
[BlackElo "1741"]
[PlyCount "63"]
[EventDate "2012.05.12"]
[EventType "swiss"]
[EventRounds "9"]
[EventCountry "CZE"]
[SourceTitle "CBM 148 Extra"]
[Source "ChessBase"]
[SourceDate "2012.06.22"]
[SourceVersion "1"]
[SourceVersionDate "2012.06.22"]
[SourceQuality "1"]

1. c4 f5 2. b3 Nf6 3. Bb2 g6 4. g3 Bg7 5. Bg2 0-0 6. Nc3 d6 7. d4 c6 8. e3 Na6 9. Nge2 Nc7 10. 0-0 Bd7 11. Qc2 Rb8 12. Rac1 a6 13. Rfd1 Qe8 14. h3 e6 15. Ba3 Qe7 16. Nf4 c5 17. dxc5 dxc5 18. Nd3 b6 19. Ne5 Rbd8 20. Ne2 Nfe8 21. Bb2 Bxe5 22. Bxe5 Bc8 23. Rxd8 Qxd8 24. Rd1 Qe7 25. Qd2 Rf7 26. Bc6 Nd5 27. Bxe8 Qxe8 28. cxd5 exd5 29. Qxd5 Bb7 30. Qd8 Re7 31. Qxe8+ Rxe8 32. f4 1-0

[Event "Hradec Kralove Sten op"]
[Site "Hradec Kralove"]
[Date "2011.05.15"]
[Round "9"]
[White "Vorel, Bohuslav"]
[Black "Juchelka, Petr"]
[Result "1/2-1/2"]
[WhiteElo "1744"]
[BlackElo "1841"]
[PlyCount "59"]
[EventDate "2011.05.08"]
[EventType "swiss"]
[EventRounds "9"]
[EventCountry "CZE"]
[SourceTitle "CBM 142 Extra"]
[Source "ChessBase"]
[SourceDate "2011.06.27"]
[SourceVersion "1"]
[SourceVersionDate "2011.06.27"]
[SourceQuality "1"]

1. d4 d5 2. c4 e6 3. Nf3 Nf6 4. Bg5 Be7 5. e3 h6 6. Bh4 0-0 7. Be2 b6 8. 0-0 Bb7 9. Nc3 Nbd7 10. Rc1 Rc8 11. a3 c5 12. dxc5 Nxc5 13. Nb5 a6 14. Nbd4 dxc4 15. Bxc4 b5 16. Ba2 Nfe4 17. Bxe7 Qxe7 18. Bb1 Rfd8 19. Qe2 e5 20. Nf5 Qe6 21. Ng3 Nxg3 22. hxg3 Bd5 23. Rfd1 Bc4 24. Rxd8+ Rxd8 25. Qe1 Qd6 26. Bc2 e4 27. Nd4 Qd5 28. Qc3 Ne6 29. Rd1 Qa8 30. Nxe6 1/2-1/2

[Event "Pardubice op-J"]
[Site "Pardubice"]
[Date "2006.07.20"]
[Round "7"]
[White "Horyna, Josef"]
[Black "Vorel, Bohuslav"]
[Result "0-1"]
[WhiteElo "1957"]
[BlackElo "1711"]
[PlyCount "62"]
[EventDate "2006.07.14"]
[EventType "swiss"]
[EventRounds "7"]
[EventCountry "CZE"]
[SourceTitle "CBM 113 Extra"]
[Source "ChessBase"]
[SourceDate "2006.09.14"]
[SourceVersion "1"]
[SourceVersionDate "2006.09.14"]
[SourceQuality "1"]

1. b4 e6 2. Bb2 Nf6 3. b5 a6 4. Nc3 Be7 5. Nf3 axb5 6. Nxb5 b6 7. e3 Bb7 8. Be2 Nc6 9. 0-0 0-0 10. d4 d5 11. c4 Na5 12. Ne5 dxc4 13. Bf3 c6 14. Nc3 b5 15. a3 Qc7 16. Qc2 Nb3 17. Ra2 Rfd8 18. Bd1 Ra5 19. Qe2 Rda8 20. Nb1 Nd5 21. Nxc4 bxc4 22. Qxc4 Ba6 23. Qxb3 Bxf1 24. Kxf1 Rb8 25. Qc4 Rab5 26. Qe2 Qxh2 27. f3 Qh1+ 28. Kf2 Bh4+ 29. g3 Qh2+ 30. Kf1 Bxg3 31. Qxh2 Bxh2 0-1

[Event "Pardubice/Chrudim op"]
[Site "Pardubice/Chrudim"]
[Date "2001.05.06"]
[Round "5"]
[White "Muller, Petr"]
[Black "Vorel, Bohuslav"]
[Result "1/2-1/2"]
[WhiteElo "1689"]
[BlackElo "1617"]
[PlyCount "115"]
[EventDate "2001.05.04"]
[EventType "swiss"]
[EventRounds "7"]
[EventCountry "CZE"]
[SourceTitle "EXT 2006"]
[Source "ChessBase"]
[SourceDate "2005.11.24"]
[SourceVersion "1"]
[SourceVersionDate "2005.11.24"]
[SourceQuality "1"]

1. d4 d5 2. c4 e6 3. Nc3 Nf6 4. Bg5 Be7 5. e3 0-0 6. Nf3 c6 7. Qc2 Nbd7 8. Rc1 dxc4 9. Bxc4 Nb6 10. Bd3 h6 11. Bh4 Nbd5 12. 0-0 Nb4 13. Qd2 Nxd3 14. Qxd3 Bd7 15. Ne5 Nd5 16. Bg3 Bf6 17. Rfd1 Qe7 18. Ne4 Bxe5 19. Bxe5 Qd8 20. Nd6 Bc8 21. a3 Ne7 22. e4 Ng6 23. Bg3 Qf6 24. e5 Qe7 25. Re1 f5 26. exf6 Qxf6 27. Qe4 Nf4 28. Re3 Nh5 29. Rf1 Nxg3 30. hxg3 Qe7 31. Nxc8 Raxc8 32. Qxe6+ Qxe6 33. Rxe6 Rcd8 34. Rd1 Rf7 35. f3 Rfd7 36. Re4 c5 37. Kf2 cxd4 38. Ke2 d3+ 39. Kd2 Kf7 40. Rc1 Kf6 41. Rc3 h5 42. Re3 g5 43. Rcxd3 Rd6 44. Rxd6+ Rxd6+ 45. Rd3 Rb6 46. b4 a5 47. Rd4 axb4 48. axb4 Ra6 49. Ke3 Ra2 50. Rd2 Ra3+ 51. Kd4 g4 52. Rd3 Ra2 53. f4 Rxg2 54. Kc5 Rf2 55. Rd1 Rg2 56. Rd3 Rf2 57. Kd4 Rb2 58. Kc3 1/2-1/2

[Event "Pardubice/Chrudim op"]
[Site "Pardubice/Chrudim"]
[Date "2001.05.05"]
[Round "2"]
[White "Pavlicek, Miroslav"]
[Black "Vorel, Bohuslav"]
[Result "1-0"]
[WhiteElo "1899"]
[BlackElo "1617"]
[PlyCount "43"]
[EventDate "2001.05.04"]
[EventType "swiss"]
[EventRounds "7"]
[EventCountry "CZE"]
[SourceTitle "EXT 2006"]
[Source "ChessBase"]
[SourceDate "2005.11.24"]
[SourceVersion "1"]
[SourceVersionDate "2005.11.24"]
[SourceQuality "1"]

1. e4 d5 2. exd5 Nf6 3. d4 Nxd5 4. c4 Nb6 5. Nc3 Nc6 6. d5 Ne5 7. Qd4 Ng6 8. h4 e6 9. h5 Ne7 10. Bf4 Nf5 11. Qd2 Bb4 12. g4 Nd6 13. Qd4 0-0 14. h6 f6 15. hxg7 Rf7 16. dxe6 Bxe6 17. c5 Nb5 18. Qxb4 Nxc3 19. cxb6 Bxg4 20. bxc3 Qd5 21. Rh4 Re8+ 22. Be3 1-0

[Event "Pardubice/Chrudim op"]
[Site "Pardubice/Chrudim"]
[Date "2001.05.04"]
[Round "1"]
[White "Vorel, Bohuslav"]
[Black "Stary, Lukas"]
[Result "1-0"]
[WhiteElo "1617"]
[BlackElo "1706"]
[PlyCount "61"]
[EventDate "2001.05.04"]
[EventType "swiss"]
[EventRounds "7"]
[EventCountry "CZE"]
[SourceTitle "EXT 2006"]
[Source "ChessBase"]
[SourceDate "2005.11.24"]
[SourceVersion "1"]
[SourceVersionDate "2005.11.24"]
[SourceQuality "1"]

1. d4 e5 2. dxe5 Nc6 3. c4 Nxe5 4. e3 Nf6 5. Nc3 d6 6. h3 Be6 7. b3 Be7 8. Nf3 Nfd7 9. Bb2 0-0 10. Nd5 Ng6 11. Nxe7+ Qxe7 12. Bd3 f5 13. 0-0 Nc5 14. Bc2 Nh4 15. Nxh4 Qxh4 16. Qd4 Qg5 17. Rae1 f4 18. Kh2 f3 19. Rg1 Qh6 20. g4 Bd7 21. Rg3 Ne6 22. Qd5 Bc6 23. g5 Bxd5 24. gxh6 Bc6 25. Bxg7 Rf7 26. Reg1 Rd7 27. Bc3+ Kf7 28. Bxh7 Rf8 29. Bg8+ Rxg8 30. Rxg8 Be4 31. Rh8 1-0